|
|
|
|
| LEADER |
00000naa2a2200000 4500 |
| 001 |
140889 |
| 005 |
20231031142245.0 |
| 035 |
|
|
|a (RuTPU)RU\TPU\book\152659
|
| 090 |
|
|
|a 140889
|
| 100 |
|
|
|a 20080714d2005 k y0rusy50 ca
|
| 101 |
0 |
|
|a eng
|
| 102 |
|
|
|a RU
|
| 200 |
1 |
|
|a The ways of raising competitiveness of russian companies
|f N. S. Skurikhina
|
| 320 |
|
|
|a Библиогр.: 8 назв.
|
| 461 |
|
1 |
|0 (RuTPU)RU\TPU\book\107328
|t Энергия молодых - экономике России
|o труды VI Всероссийской научно-практической конференции студентов и молодых ученых, Томск, 19-22 апреля 2005 г.
|o в 2 ч.
|f Томский политехнический университет; Вольное экономическое общество России
|d 2005-
|
| 463 |
|
0 |
|0 (RuTPU)RU\TPU\book\73344
|t Ч. 1
|v С. 242-243
|d 2005
|
| 610 |
1 |
|
|a маркетинг
|
| 610 |
1 |
|
|a конкуренция
|
| 610 |
1 |
|
|a компании
|
| 610 |
1 |
|
|a Россия
|
| 610 |
1 |
|
|a труды учёных ТПУ
|
| 700 |
|
1 |
|a Skurikhina
|b N. S.
|
| 801 |
|
1 |
|a RU
|b 63413507
|c 20080714
|g PSBO
|
| 801 |
|
2 |
|a RU
|b 63413507
|c 20161003
|g RCR
|
| 942 |
|
|
|c BK
|